| 000 | 00885cam a2200265 4500 | ||
|---|---|---|---|
| 008 | 000000n2001 000 0 eng u | ||
| 020 | _a0966512006 | ||
| 035 | _a(Sirsi) u113527 | ||
| 050 | _a526.9028 | ||
| 100 | _aBedini, S. | ||
| 245 | _aWith compass and chain : early American surveyors and their instruments. | ||
| 260 |
_aUSA _bProfessional Surveyors Publishing Company Inc. _c2001 |
||
| 300 | _axxvii, 774p. ; 25cm. | ||
| 350 | _a84.00 | ||
| 520 | _aThis book charts the history of "the little men of science", surveyors, cartographers and navigators who helped to forge the British Colonies in North America into a new republic. | ||
| 650 | _aSURVEYORS | ||
| 650 | _aSURVEYING INSTRUMENTS | ||
| 650 | _aHISTORY | ||
| 650 | _aAMERICA | ||
| 650 | _aCARTOGRAPHY | ||
| 650 | _aLAND SURVEYORS | ||
| 650 | _aMAPPING | ||
| 690 |
_aGeomatics _96242 |
||
| 942 | _n0 | ||
| 999 |
_c101531 _d101531 |
||